1126 1757 1943 1943 1942 1430 1812 1150 1689 1691 1855 1915 1956 1875 1886 1547 1027 1559 1032 1047 1829 1634 1881 1741 1227 1642 1889 1085 1544 1597 1795 1441 1447 1793 1501 1454 1318 1969 1873 1767 1141 1181 1967 1875 1227 1940 1615 1844 1380 1542 1478 1209 1084 1995 1888 1056 1171 1059 1505 1648 1406 1754 1967 1083 1234 1227 1621 1509 1614 1662 1266 1531 1957 1575 1525 1194 1810 1952 1546 1123 1660 1493 1787 1987 1506 1904 1367 1209 1024 1786 1007 1480 1929 1593 1466 1254 1067 1407 1751 BCNSPRNW ULIB Ver.6.0+V

เปลี่ยนเป็นภาษาไทย

Change to English
 แสดงรายละเอียดบรรณานุกรม
  กลับหน้าหลัก

Brief Record : Get Marc (ISO 2709) : E-mail record : QR code < ปิดหน้าต่าง
LEADER : 00000nam 2200000uu 4500
001    13399115198
003     ULIB
008    120726s2007||||th 000 0 eng d
020    ^a9789812725967
060 04 ^aQS17^bH249 2007
100 1  ^aHansen, John T.
245 00 ^aNetter is anatomy :^bwith student consult
260    ^aPhiladelphia :^bSaunders,^c2007
300    ^a1 v. (various pagings) :^bill. ;^c28 cm.
650  0 ^aHuman anatomy^vAtlases
650  2 ^aAnatomy, Regional^vAtlases
650  2 ^aAnatomy^vAtlases
700 1  ^aNetter, Frank H. ^q(Frank Henry),^d1906-1991
945    ^p0^l0^i17773
945    ^p0^l0^i17774
945    ^p0^l0^i17775
995    ^aKanchaphon
999    ^aใช้งานได้ทุกระบบ
รายการนี้ยังไม่มีแท็ก
คุณยังไม่ได้ล็อกอิน คุณสามารถมีกิจกรรมร่วมกับเว็บไซต์ได้ แต่ต้องล็อกอินก่อน ::
  ล็อกอิน

รายการสื่อสารสนเทศ

ลำดับที่ ประเภท เลขเรียก/บาร์โค้ด สถานที่ สถานะ
- ไม่พบข้อมูล -

รายการใกล้เคียง
    ผู้แต่ง [Hansen, John T.]

    หัวเรื่อง [Anatomy Atlases]

BibComment


ยังไม่เคยถูกคอมเมนท์

คอมเมนท์ทรัพยากรรายการนี้
  คอมเมนท์: Netter is anatom..


 Copyright 2026. Bcnsprnw @Library